Reporting technical information / (Record no. 549287)
[ view plain ]
| 000 -LEADER | |
|---|---|
| fixed length control field | 00873cam a22002294a 4500 |
| 020 ## - INTERNATIONAL STANDARD BOOK NUMBER | |
| International Standard Book Number | 0195146123 (pbk. : alk. paper) |
| 082 00 - DEWEY DECIMAL CLASSIFICATION NUMBER | |
| Classification number | 808.0666 |
| Author Mark | HOU |
| -- | N-1, P-90 |
| 100 ## - MAIN ENTRY--PERSONAL NAME | |
| Personal name | Houp, Kenneth W. |
| 9 (RLIN) | 45863 |
| 245 00 - TITLE STATEMENT | |
| Title | Reporting technical information / |
| Statement of responsibility, etc. | Kenneth W. Houp ... [et al]. |
| 250 ## - EDITION STATEMENT | |
| Edition statement | 10th ed. |
| 260 ## - PUBLICATION, DISTRIBUTION, ETC. | |
| Place of publication, distribution, etc. | New York : |
| Name of publisher, distributor, etc. | Oxford University Press, |
| Date of publication, distribution, etc. | 2002. |
| 300 ## - PHYSICAL DESCRIPTION | |
| Extent | xx, 694 p. : |
| Other physical details | ill. (some col.) ; |
| Dimensions | 24 cm. |
| 500 ## - GENERAL NOTE | |
| General note | Rev. ed. of: Reporting technical information / Kenneth W. Houp, c1998. |
| 526 ## - STUDY PROGRAM INFORMATION NOTE | |
| Program name | 0 |
| Interest level | 0 |
| Reading level | 0 |
| Title point value | 808_066600000000000_HOU |
| 650 #0 - SUBJECT ADDED ENTRY--TOPICAL TERM | |
| Topical term or geographic name entry element | NUST |
| 9 (RLIN) | 6342 |
| 650 #0 - SUBJECT ADDED ENTRY--TOPICAL TERM | |
| Topical term or geographic name entry element | Technical writing. |
| 9 (RLIN) | 7391 |
| 700 1# - ADDED ENTRY--PERSONAL NAME | |
| Personal name | Houp, Kenneth W., |
| 9 (RLIN) | 45864 |
| 700 1# - ADDED ENTRY--PERSONAL NAME | |
| Personal name | Houp, Kenneth W., |
| 9 (RLIN) | 45864 |
| 856 41 - ELECTRONIC LOCATION AND ACCESS | |
| Uniform Resource Identifier | <a href="http://www.loc.gov/catdir/enhancements/fy0610/00053079-t.html">http://www.loc.gov/catdir/enhancements/fy0610/00053079-t.html</a> |
| 856 42 - ELECTRONIC LOCATION AND ACCESS | |
| Uniform Resource Identifier | <a href="http://www.loc.gov/catdir/enhancements/fy0610/00053079-d.html">http://www.loc.gov/catdir/enhancements/fy0610/00053079-d.html</a> |
| 942 ## - ADDED ENTRY ELEMENTS (KOHA) | |
| Source of classification or shelving scheme | |
| Koha item type | Book |
| Withdrawn status | Lost status | Source of classification or shelving scheme | Damaged status | Not for loan | Permanent Location | Current Location | Date acquired | Total Checkouts | Full call number | Barcode | Date last seen | Date last checked out | Price effective from | Koha item type |
|---|---|---|---|---|---|---|---|---|---|---|---|---|---|---|
| Military College of Engineering (MCE) | Military College of Engineering (MCE) | 09/23/2014 | 1 | 808.0666 HOU | MCE-36331 | 10/16/2018 | 02/14/2018 | 09/23/2014 | Book |
